Jerozolima - quiz wielokrotnego wyboru - Statystyki

Ogólne statystyki
  • Ten quiz został rozwiązany 599 razy
  • Średni wynik to 6 z 10
Statystyki odpowiedzi
Zagadnienie Odpowiedź % Poprawnych
Które z tych państw uznaje Jerozolimę za stolicę Izraela? Stany Zjednoczone
84%
Który kościół znajduje się w miejscu, gdzie Jezus został ukrzyżowany i zmartwychwstał? Bazylika Grobu Pańskiego
75%
Kto w Biblii zbudował pierwszą świątynię w Jerozolimie? Salomon
70%
Jaka organizacja została założona w celu obrony chrześcijańskich pielgrzymów w drodze do Ziemi Świętej. Miała swoją siedzibę na Wzgórzu Świątynnym? Templariusze
69%
Który z tych punktów orientacyjnych znajduje się obecnie na szczycie Wzgórza Świątynnego? Kopuła na Skale
63%
Która z tych stolic leży najbliżej Jerozolimy? Amman
57%
Do jakiego terytorium prawnie należy Wschodnia Jerozolima? Zachodni Brzeg
54%
Która dzielnica NIE należy do Starego Miasta? Dzielnica Łacińska
45%
Która z tych gór (technicznie wzgórze) znajduje się w Jerozolimie? Syjon
43%
Kto, według tradycji, przyleciał do Jerozolimy na grzbiecie uskrzydlonego zwierzęcia, gdzie wstąpił do nieba i rozmawiał z Bogiem? Mahomet
41%
Nie znaleziono quizów pasujących do podanych kryteriów
Rozkład punktacji
Procent ludzi z każdym wynikiem
Percentyl według liczby udzielonych odpowiedzi
Twoja historia wyników
Nie rozwiązałeś tego quizu